[Event "Eq:Latinoamerica-Slap Shot Mates : "]
[Site "www.chess-mail.com"]
[Date "2015.03.24"]
[Round "1"]
[White "Geodad5"]
[Black "Ochoreales"]
[WhiteElo "2050"]
[BlackElo "1890"]
[Result "0-1"]
[Round "1"]
1.e4 c5
2.Ng1f3 d6
3.d4 cxd4
4.Nf3xd4 Ng8f6
5.Nb1c3 a6
6.Bf1e2 e5
7.Nd4b3 Bf8e7
8.O-O O-O
9.Bc1e3 Bc8e6
10.h3 Nb8d7
11.Qd1d2 Ra8c8
12.Ra1d1 Nd7b6
13.f4 exf4
14.Be3xf4 Nb6c4
15.Qd2c1 Qd8b6
16.Kh1 Rf8d8
17.Rf1f3 Nc4e5
18.Rf3g3 Be6c4
19.Be2xc4 Ne5xc4
20.Nc3d5 Nf6xd5
21.exd5 Nc4e5
22.c3 Be7h4
23.Rg3e3 Ne5c4
24.Re3e2 Rd8e8
25.Re2xe8 Rc8xe8
26.g3 Bh4f6
27.Rd1e1 Bf6e5
28.Kg2 a5
29.a4 Qb6xb3
30.Re1e2 Qb3xa4
31.Qc1e1 Re8f8
32.Bf4c1 Qa4b5
33.Qe1d1 a4
34.Qd1d3 Qb5a6
35.Re2e4 b5
36.Re4h4 g6
37.Qd3f3 a3
38.bxa3 Nc4xa3
39.Rh4b4 Na3c4
40.h4 Qa6a1
41.Bc1h6 Qa1a2
42.Kh3 Rf8b8
43.h5 Qa2a3
44.hxg6 hxg6
45.Rb4b1 Be5xc3
46.Rb1f1 f6
47.Qf3g4 Nc4e5
48.Qg4e6 Ne5f7
49.Rf1f4 Qa3c1
{ resign }
0-1

[Event "Eq:THE KILLERS 1-BEAC Hungary : "]
[Site "www.chess-mail.com"]
[Date "2015.03.24"]
[Round "1"]
[White "Gimmyg"]
[Black "Picifarkinca"]
[WhiteElo "2100"]
[BlackElo "1930"]
[Result "1-0"]
[Round "1"]
1.d4 e6
2.Bc1f4 Ng8f6
3.e3 d6
4.Ng1f3 Nb8d7
5.Bf1d3 Bf8e7
6.h3 O-O
7.c4 c6
8.O-O Qd8a5
9.Nb1c3 e5
10.Bf4g3 exd4
11.exd4 Rf8e8
12.d5 Nd7c5
13.Bd3c2 Qa5b4
14.dxc6 Qb4xc4
15.Rf1e1 Bc8e6
16.cxb7 Nc5xb7
17.Bc2a4 Re8d8
18.Ba4b3 Qc4c8
19.Bb3xe6 fxe6
20.Nf3g5 e5
21.Nc3d5 Be7f8
22.Qd1b3 { resign }
1-0

[Event "Eq:La Taverne-Cats in the rain : "]
[Site "www.chess-mail.com"]
[Date "2015.03.24"]
[Round "1"]
[White "Mrbabu"]
[Black "Gilliere"]
[WhiteElo "2070"]
[BlackElo "1840"]
[Result "1-0"]
[Round "1"]
1.e4 e5
2.Ng1f3 d6
3.h3 Ng8f6
4.Nb1c3 a6
5.Bf1c4 h6
6.d3 Nb8c6
7.Bc1e3 b5
8.Bc4d5 Bc8b7
9.O-O Ra8b8
10.a3 Nf6xd5
11.Nc3xd5 Nc6e7
12.Nd5xe7 Bf8xe7
13.Nf3d2 O-O
14.f4 exf4
15.Be3xf4 Be7g5
16.Bf4g3 Bg5e3
17.Kh1 Qd8g5
18.Qd1f3 Be3xd2
19.Ra1d1 Bd2a5
20.Bg3f4 Qg5g6
21.Qf3e2 Ba5b6
22.Rf1f3 Kh8
23.Rf3g3 Qg6h7
24.Rd1f1 Bb6d4
25.Qe2h5 g5
26.Bf4c1 Qh7g6
27.Qh5e2 Rb8e8
28.h4 Bd4e5
29.h5 Qg6g7
30.Rg3f3 Bb7c8
31.Rf3f2 Be5d4
32.Bc1e3 Bd4xe3
33.Qe2xe3 f6
34.Qe3e2 d5
35.Qe2f3 dxe4
36.dxe4 Bc8b7
37.Qf3c3 Re8e6
38.e5 Re6xe5
39.Qc3xe5 fxe5
40.Rf2xf8 Kh7
41.Rf1f7 e4
42.Rf7xg7 Kxg7
43.Rf8d8 Kf6
44.Kg1 Ke7
45.Rd8h8 e3
46.Rh8xh6 g4
47.Rh6g6 Bb7c8
48.Rg6g7 Kd6
49.g3 c5
50.h6 Bc8f5
51.h7 Bf5xh7
52.Rg7xh7 Ke5
53.Kf1 c4
54.Ke2 Kd4
55.Rh7g7 a5
56.Rg7xg4 { resign }
1-0

[Event "Fast Game"]
[Site "www.echecsemail.com"]
[Date "2015.03.24"]
[Round "1"]
[White "Tomasseeber"]
[Black "Attatroll"]
[WhiteElo "1659"]
[BlackElo "1790"]
[Result "1-0"]
[Round "1"]
1.Ng1f3 d5
2.c4 d4
3.b4 e6
4.Qd1b3 Nb8c6
5.a3 Ng8f6
6.e3 dxe3
7.dxe3 Bf8e7
8.Bf1e2 O-O
9.O-O Nf6e4
10.Rf1d1 Qd8e8
11.Nb1d2 Ne4xd2
12.Rd1xd2 Be7f6
13.Bc1b2 Qe8e7
14.Nf3d4 Nc6xd4
15.exd4 Bc8d7
16.Ra1d1 Ra8d8
17.Be2f3 Bd7c6
18.Bf3xc6 bxc6
19.f4 Qe7d6
20.Qb3f3 h6
21.Rd2d3 Rd8b8
22.Bb2c1 Rf8d8
23.Qf3h5 Rd8d7
24.g4 Rb8d8
25.Qh5a5 Rd8a8
26.Kg2 Bf6d8
27.Bc1e3 Qd6e7
28.Qa5a6 Qe7h4
29.Qa6xc6 Qh4xg4
30.Kh1 Ra8b8
31.Qc6xd7 Qg4f3
32.Kg1 Qf3g4
33.Kf1 Qg4f3
34.Ke1 Bd8h4
35.Kd2 Qf3g2
36.Kc3 Qg2a2
37.Be3c1 a5
38.Rd3d2 axb4
39.axb4 Qa2b1
40.Qd7a4 Qb1e4
41.Rd2d3 Bh4e1
42.Bc1d2 Be1f2
43.Rd1a1 Rb8d8
44.Qa4a7 Qe4c6
45.Qa7c5 Qc6b7
46.Ra1a7 Qb7g2
47.h3 Kh7
48.Ra7xc7 Qg2a8
49.Rc7a7 Qa8h1
50.f5 Bf2e1
51.fxe6 Be1xd2
52.Rd3xd2 Qh1c1
53.Rd2c2 Qc1e1
54.Kb2 fxe6
55.Ra7xg7 Kxg7
56.Qc5e7 Kg6
57.Rc2g2 Kf5
58.Qe7f7 Ke4
59.Qf7xe6 { resign }
1-0

[Event "Fast Game"]
[Site "www.echecsemail.com"]
[Date "2015.03.24"]
[Round "1"]
[White "Imkrebsgang"]
[Black "Mrmoto"]
[WhiteElo "1459"]
[BlackElo "1409"]
[Result "0-1"]
[Round "1"]
1.d4 Ng8f6
2.Ng1f3 g6
3.b3 Bf8g7
4.Bc1b2 O-O
5.e3 d6
6.Bf1c4 e6
7.O-O d5
8.Bc4d3 h6
9.Nf3e5 Nb8d7
10.h3 Nd7xe5
11.dxe5 Nf6d7
12.Nb1a3 Nd7xe5
13.f4 Ne5xd3
14.cxd3 { time. }
0-1

[Event "Tourn. n8058"]
[Site "www.chess-mail.com"]
[Date "2015.03.25"]
[Round "1"]
[White "Krasin"]
[Black "Difficult"]
[WhiteElo "2280"]
[BlackElo "2080"]
[Result "1/2-1/2"]
[Round "1"]
1.e4 e6
2.d4 d5
3.e5 c5
4.c3 Nb8c6
5.Ng1f3 Qd8b6
6.Bf1d3 Bc8d7
7.dxc5 Bf8xc5
8.O-O a5
9.Nb1d2 Qb6c7
10.Nd2b3 Bc5b6
11.Qd1e2 Ng8e7
12.Rf1e1 a4
13.Nb3d4 Nc6xd4
14.cxd4 Ne7g6
15.h4 h6
16.h5 Ng6e7
17.Bc1f4 Bd7c6
18.Ra1c1 Qc7d7
19.Rc1c2 Bb6a5
20.Re1c1 O-O
21.Qe2e3 Ne7f5
22.Bd3xf5 exf5
23.e6 Qd7xe6
24.Nf3e5 Bc6b5
{ draw }
1/2-1/2

[Event "Tourn. n8012"]
[Site "www.chess-mail.com"]
[Date "2015.03.25"]
[Round "1"]
[White "Osopanda"]
[Black "Panham"]
[WhiteElo "2090"]
[BlackElo "2040"]
[Result "0-1"]
[Round "1"]
1.c4 c6
2.d4 d5
3.Nb1c3 Ng8f6
4.Ng1f3 dxc4
5.a4 Bc8f5
6.e3 e6
7.Bf1xc4 Bf8b4
8.O-O Bb4xc3
9.bxc3 O-O
10.Qd1b3 Qd8c7
11.Bc1a3 Rf8e8
12.Nf3e5 Nb8d7
13.Ra1e1 Nd7xe5
14.dxe5 Qc7xe5
15.f4 Qe5c7
16.h3 Bf5e4
17.g4 Be4d5
18.Bc4xd5 cxd5
19.Re1c1 Ra8c8
20.Ba3b2 Qc7c4
21.Qb3xc4 Rc8xc4
22.Rc1a1 Nf6e4
23.f5 Ne4xc3
24.Rf1f2 Nc3e4
25.Rf2g2 Re8c8
26.Bb2d4 Ne4c5
27.a5 Nc5b3
28.Ra1d1 Nb3xd4
29.exd4 Rc4c1
30.Rd1xc1 Rc8xc1
31.Kh2 exf5
32.gxf5 Kf8
33.Rg2b2 b6
34.axb6 axb6
35.Rb2xb6 Rc1d1
36.Rb6b4 Ke7
37.Kg3 Kf6
38.h4 Kxf5
39.Kf3 Rd1d3
40.Ke2 Ke4
41.Rb4b7 Rd3h3
42.Rb7xf7 Rh3h2
43.Kf1 Rh2xh4
44.Rf7xg7 Kxd4
45.Ke2 Ke5
46.Ke3 Rh4h3
47.Kd2 Kd4
48.Rg7g4 Kc5
49.Rg4g7 h5
50.Kc2 Kd6
51.Kd2 h4
52.Rg7h7 Rh3h2
53.Kd3 h3
54.Ke3 Rh2a2
55.Kd4 Ra2a4
56.Kd3 Ke6
57.Ke3 Kf6
58.Kd3 Kg6
59.Rh7h8 Ra4a7
60.Kd4 Ra7h7
{ resign }
0-1

[Event "Tourn. n8059"]
[Site "www.chess-mail.com"]
[Date "2015.03.25"]
[Round "1"]
[White "Crull"]
[Black "Groz"]
[WhiteElo "1810"]
[BlackElo "1809"]
[Result "1-0"]
[Round "1"]
1.d4 d5
2.c4 dxc4
3.Ng1f3 e6
4.a3 Ng8f6
5.Bc1g5 Bf8e7
6.e3 O-O
7.Bf1xc4 a6
8.O-O h6
9.Bg5xf6 Be7xf6
10.Nb1d2 Nb8c6
11.Nd2e4 Nc6a5
12.Bc4d3 c5
13.Ne4xc5 Na5c6
14.Qd1b3 Qd8e7
15.Bd3c2 Ra8b8
16.Bc2e4 Bc8d7
17.h3 Nc6a5
18.Qb3b4 Na5c6
19.Qb4b3 Nc6a5
20.Qb3b4 Na5c6
21.Qb4b6 Nc6d8
22.Nc5xa6 Rb8c8
23.Be4xb7 Rc8c2
24.Bb7e4 { resign }
1-0

[Event "Tourn. n8130"]
[Site "www.chess-mail.com"]
[Date "2015.03.25"]
[Round "1"]
[White "Hali"]
[Black "Fangshuo"]
[WhiteElo "2180"]
[BlackElo "2040"]
[Result "1-0"]
[Round "1"]
1.e4 e5
2.Nb1c3 Ng8f6
3.f4 d6
4.Ng1f3 Nb8c6
5.Bf1b5 Bc8d7
6.d3 Bf8e7
7.Bb5xc6 Bd7xc6
8.fxe5 dxe5
9.Nf3xe5 O-O
10.Ne5xc6 bxc6
11.O-O Qd8d7
12.Qd1f3 Be7d6
13.Bc1g5 Nf6g4
14.h3 Ng4e5
15.Qf3f2 Ne5g6
16.Nc3a4 f6
17.Bg5e3 a6
18.Na4c5 Qd7e7
19.b4 Qe7e5
20.g4 Ng6h4
21.d4 Qe5g3
22.Qf2xg3 Bd6xg3
23.Be3f4 Bg3xf4
24.Rf1xf4 Nh4g6
25.Rf4f2 a5
26.c3 Rf8e8
27.Ra1b1 axb4
28.Rb1xb4 Ra8a3
29.Rb4b3 Ra3a8
30.Kg2 Kf7
31.Kg3 Ke7
32.a4 Ng6f8
33.Rb3b4 Nf8e6
34.Nc5d3 Kd6
35.Rf2f5 Ra8b8
36.a5 Rb8xb4
37.Nd3xb4 Re8b8
38.h4 c5
39.Rf5d5 { resign }
1-0

[Event "Tourn. n8053"]
[Site "www.chess-mail.com"]
[Date "2015.03.25"]
[Round "1"]
[White "Wegaman"]
[Black "Andreachess"]
[WhiteElo "1910"]
[BlackElo "1910"]
[Result "1-0"]
[Round "1"]
1.d4 d5
2.c4 c6
3.Nb1c3 Ng8f6
4.Ng1f3 e6
5.Bc1g5 h6
6.Bg5h4 g5
7.Bh4g3 Nb8d7
8.e3 dxc4
9.Bf1xc4 b5
10.Bc4b3 Bc8b7
11.O-O b4
12.Nc3b1 Ra8c8
13.Nb1d2 c5
14.dxc5 Nd7xc5
15.Bb3a4 Nc5xa4
16.Qd1xa4 Bb7c6
17.Qa4xa7 g4
18.Nf3e5 Rc8c7
19.Ne5xc6 Rc7xa7
20.Nc6xd8 Kxd8
21.Nd2b3 Ra7c7
22.Bg3xc7 Kxc7
23.Ra1c1 Kd8
24.Rf1d1 Ke8
25.Rc1c8 Ke7
26.Nb3a5 Nf6d5
27.e4 Nd5b6
28.e5 Nb6xc8
29.Na5c6 { resign }
1-0

[Event "Tourn. n8111"]
[Site "www.chess-mail.com"]
[Date "2015.03.25"]
[Round "1"]
[White "Liencam2"]
[Black "Averoes"]
[WhiteElo "2280"]
[BlackElo "2140"]
[Result "1-0"]
[Round "1"]
1.e4 e5
2.Ng1f3 Nb8c6
3.d4 exd4
4.c3 dxc3
5.Bf1c4 Bf8b4
6.O-O d6
7.Qd1b3 Qd8e7
8.Nb1xc3 Bb4xc3
9.Qb3xc3 Ng8f6
10.Bc1g5 h6
11.Bg5h4 g5
12.Nf3xg5 Nc6e5
13.Ng5xf7 Nf6xe4
14.Bh4xe7 Ne4xc3
15.Nf7xh8 Ne5xc4
16.bxc3 Kxe7
17.Nh8g6 Kf6
18.Ng6f4 c6
19.Rf1e1 Bc8f5
20.h3 Nc4e5
21.g4 Bf5h7
22.Kg2 b5
23.Nf4h5 Kf7
24.Ra1d1 Ra8d8
25.Re1xe5 { resign }
1-0

[Event "Tourn. n8104"]
[Site "www.chess-mail.com"]
[Date "2015.03.25"]
[Round "1"]
[White "Hundegana"]
[Black "Antuan72"]
[WhiteElo "1940"]
[BlackElo "1990"]
[Result "0-1"]
[Round "1"]
1.e4 c5
2.c4 Nb8c6
3.Ng1f3 d6
4.h3 Ng8f6
5.Nb1c3 e6
6.a3 Bf8e7
7.d4 cxd4
8.Nf3xd4 O-O
9.Nd4xc6 bxc6
10.Bf1e2 Bc8b7
11.Be2d3 e5
12.Bc1e3 h6
13.O-O Qd8c7
14.b4 d5
15.exd5 cxd5
16.Nc3b5 Qc7b8
17.c5 a6
18.Nb5d6 Be7xd6
19.cxd6 Qb8xd6
20.Be3c5 Qd6c6
21.Bc5xf8 Kxf8
22.f3 e4
23.fxe4 dxe4
24.Bd3e2 Qc6b6
25.Kh1 Ra8d8
26.Qd1c1 e3
27.Be2f3 Nf6e4
28.Bf3xe4 Bb7xe4
29.Qc1c5 Qb6xc5
30.bxc5 Rd8d2
31.Rf1g1 f5
32.Ra1c1 Be4c6
33.Rc1c3 e2
34.Rc3e3 f4
35.Re3e6 f3
36.Re6xc6 f2
37.Rg1b1 Rd2d1
38.Rb1xd1 exd1Q
39.Kh2 f1Q
40.Rc6c8 Ke7
41.c6 Qf1f4
42.g3 Qf4f2

0-1

[Event "Tourn. n8064"]
[Site "www.chess-mail.com"]
[Date "2015.03.25"]
[Round "1"]
[White "Pgcbies"]
[Black "Emmanuelasi"]
[WhiteElo "2780"]
[BlackElo "2240"]
[Result "1-0"]
[Round "1"]
1.e4 Nb8c6
2.d4 e5
3.Ng1f3 exd4
4.Nf3xd4 Bf8c5
5.Bc1e3 Qd8f6
6.c3 Ng8e7
7.Bf1c4 Qf6g6
8.Nd4xc6 Qg6xc6
9.Qd1h5 Bc5xe3
10.Qh5xf7 Kd8
11.fxe3 Qc6xe4
12.Qf7xg7 Rh8e8
13.Bc4f7 d5
14.Bf7xe8 Kxe8
15.O-O Kd7
16.Nb1d2 Qe4e6
17.Rf1f7 b6
18.Nd2f3 Bc8b7
19.Nf3e5 { resign }
1-0

[Event "Tourn. n8019"]
[Site "www.chess-mail.com"]
[Date "2015.03.25"]
[Round "1"]
[White "Supernovae"]
[Black "Colchester"]
[WhiteElo "1850"]
[BlackElo "1800"]
[Result "0-1"]
[Round "1"]
1.e4 c6
2.d4 d5
3.Nb1c3 dxe4
4.Nc3xe4 Ng8f6
5.Ne4xf6 exf6
6.Ng1f3 Bf8d6
7.Bf1c4 O-O
8.O-O Bc8g4
9.h3 Bg4h5
10.Bc4e2 Nb8d7
11.Nf3d2 Bh5xe2
12.Qd1xe2 Rf8e8
13.Qe2g4 Nd7f8
14.Nd2e4 Nf8g6
15.f4 Re8xe4
16.Bc1d2 Re4xd4
17.Ra1d1 Rd4xd2
18.Rd1xd2 Bd6c5
19.Rd2f2 Qd8b6
20.h4 Bc5xf2
21.Rf1xf2 Ra8d8
22.Qg4e2 Ng6xf4
23.Qe2f3 Nf4e6
 { time }
0-1

[Event "Tourn. n8077"]
[Site "www.chess-mail.com"]
[Date "2015.03.25"]
[Round "1"]
[White "Senitram"]
[Black "Jose"]
[WhiteElo "2590"]
[BlackElo "2700"]
[Result "1/2-1/2"]
[Round "1"]
1.Ng1f3 Ng8f6
2.d4 e6
3.c4 b6
4.g3 Bc8a6
5.b3 b5
6.cxb5 Ba6xb5
7.Bf1g2 Bf8b4
8.Bc1d2 a5
9.a3 Bb4xd2
10.Qd1xd2 O-O
11.O-O Bb5c6
12.Rf1e1 d6
13.Qd2b2 Nb8d7
14.Nb1d2 Qd8b8
15.e4 h6
16.Ra1c1 Bc6b7
17.e5 dxe5
18.dxe5 Nf6d5
19.Nd2e4 Nd5e7
20.Ne4c5 Nd7xc5
21.Rc1xc5 Rf8d8
22.Qb2c3 Rd8d7
23.Bg2f1 Qb8d8
24.Bf1b5 Rd7d5
25.Bb5e2 Rd5xc5
26.Qc3xc5 Ne7f5
27.Re1c1 Bb7d5
28.Rc1c3 c6
{ draw }
1/2-1/2

[Event "Tourn. n8082"]
[Site "www.chess-mail.com"]
[Date "2015.03.25"]
[Round "1"]
[White "Derik"]
[Black "Hansen"]
[WhiteElo "1460"]
[BlackElo "1460"]
[Result "0-1"]
[Round "1"]
1.e4 d5
2.Qd1f3 Ng8f6
3.Ng1e2 Bc8g4
4.Qf3b3 b6
5.g3 e6
6.e5 Nf6e4
7.Bf1g2 Ne4c5
8.Qb3b4 Nc5d3
9.cxd3 Bf8xb4
10.Nb1c3 Nb8c6
11.h3 Bg4xe2
12.Nc3xe2 Nc6xe5
13.O-O Ne5xd3
14.a3 Bb4c5
15.b4 Bc5d6
16.Ne2d4 Bd6e5
17.Nd4c6 Qd8d6
18.Nc6xe5 Qd6xe5
19.h4 Qe5xa1
20.f4 e5
21.Bg2xd5 Ra8d8
22.Bd5c6 Ke7
23.Kg2 exf4
24.g4 Nd3e5
25.Bc6d5 Rd8xd5
26.Kh3 Rd5d3
27.Kg2 f3
28.Kf2 Ne5xg4
29.Kg3 h5
30.Rf1e1 Kd6
31.Re1f1 Qa1e5
32.Kh3 Qe5h2
{ resign }
0-1

[Event "Tourn. n8132"]
[Site "www.chess-mail.com"]
[Date "2015.03.25"]
[Round "1"]
[White "Blackpool"]
[Black "Picifarkinca"]
[WhiteElo "1970"]
[BlackElo "1930"]
[Result "1-0"]
[Round "1"]
1.e4 c5
2.Ng1f3 e6
3.d4 cxd4
4.Nf3xd4 a6
5.c4 Qd8c7
6.Nb1c3 Nb8c6
7.Bc1e3 Bf8b4
8.Nd4e2 Ng8e7
9.a3 Bb4d6
10.g3 Ne7g6
11.Bf1g2 e5
12.Nc3d5 { resign }
1-0

[Event "Tourn. n8071"]
[Site "www.chess-mail.com"]
[Date "2015.03.25"]
[Round "1"]
[White "Gorgo"]
[Black "Vasylpuzanov"]
[WhiteElo "2019"]
[BlackElo "2080"]
[Result "1-0"]
[Round "1"]
1.d4 d5
2.c4 e6
3.Nb1c3 Ng8f6
4.Ng1f3 Bf8b4
5.e3 O-O
6.Bf1e2 c5
7.O-O Nb8c6
8.dxc5 Bb4xc5
9.Qd1c2 dxc4
10.Be2xc4 Bc8d7
11.b3 Nc6b4
12.Qc2b1 Bd7c6
13.Bc1b2 Bc6xf3
14.gxf3 Qd8e7
15.Nc3e4 Nf6xe4
16.Qb1xe4 Rf8d8
17.Kh1 Nb4c6
18.a3 a5
19.f4 Ra8c8
20.Rf1g1 g6
21.f5 Kf8
22.fxe6 Rd8d2
23.Bb2c3 Rd2xf2
24.Rg1f1 Rf2xf1
25.Ra1xf1 f5
26.Rf1xf5 gxf5
27.Qe4xf5 Ke8
28.Bc3f6 { resign }
1-0

[Event "Tourn. n8129"]
[Site "www.chess-mail.com"]
[Date "2015.03.25"]
[Round "1"]
[White "Krasin"]
[Black "Szustan"]
[WhiteElo "2330"]
[BlackElo "2610"]
[Result "0-1"]
[Round "1"]
1.d4 d5
2.c4 dxc4
3.e4 e5
4.Ng1f3 exd4
5.Qd1xd4 Qd8xd4
6.Nf3xd4 Ng8f6
7.Nb1c3 Bf8c5
8.Nd4c2 Bc8e6
9.Bc1e3 { time. }
0-1

[Event "Tourn. n8077"]
[Site "www.chess-mail.com"]
[Date "2015.03.25"]
[Round "1"]
[White "Aperturaf"]
[Black "Senitram"]
[WhiteElo "2330"]
[BlackElo "2590"]
[Result "1/2-1/2"]
[Round "1"]
1.e4 c5
2.Ng1f3 d6
3.d4 cxd4
4.Qd1xd4 Nb8c6
5.Bf1b5 Bc8d7
6.Bb5xc6 Bd7xc6
7.c4 Ng8f6
8.Nb1c3 g6
9.O-O Bf8g7
10.Qd4d3 Nf6d7
11.Bc1e3 Nd7c5
12.Qd3c2 O-O
13.Nf3d4 Ra8c8
14.f4 e5
15.Nd4xc6 bxc6
16.f5 Qd8c7
17.Ra1d1 Rf8d8
18.Qc2f2 Qc7a5
19.Rd1d2 Qa5b4
20.Rf1d1 Nc5b7
21.Be3xa7 Qb4xc4
22.Ba7b6 Rd8d7
23.Kh1 Qc4b4
24.Bb6e3 Rc8a8
25.Rd2d3 Ra8d8
26.f6 Bg7f8
27.h3 Rd8a8
28.h4 Nb7d8
29.h5 Nd8e6
30.hxg6 fxg6
31.a3 Qb4b8
32.Be3c1 Rd7f7
33.b4 Qb8d8
34.Rd1f1 Qd8e8
35.Qf2a2 Ne6f4
{ draw }
1/2-1/2

[Event "Match"]
[Site "www.echecsemail.com"]
[Date "2015.03.25"]
[Round "1"]
[White "Genius9"]
[Black "Reanna"]
[WhiteElo "1220"]
[BlackElo "1700"]
[Result "1/2-1/2"]
[Round "1"]
1.d4 d5
2.Nb1c3 Ng8f6
3.g3 Bc8f5
4.Bf1g2 e6
5.Ng1f3 Bf8e7
6.O-O O-O
7.Nf3e5 Nb8c6
8.Ne5xc6 bxc6
9.Bc1f4 Nf6e4
10.Nc3xe4 Bf5xe4
11.Bg2xe4 dxe4
12.c3 Be7g5
13.Bf4xg5 Qd8xg5
14.e3 Ra8b8
15.Qd1c2 Qg5g4
16.Rf1e1 Rb8b5
17.Qc2e2 Qg4f3
18.Qe2xf3 exf3
19.b3 f5
20.e4 a5
21.c4 Rb5b4
22.exf5 exf5
23.Re1e3 f4
24.Re3xf3 a4
25.gxf4 axb3
26.axb3 h6
27.Ra1a7 Rf8c8
28.Ra7a4 Rb4xa4
29.bxa4 Rc8a8
30.Rf3e3 Ra8xa4
31.Re3c3 Kf7
32.Kg2 Ke6
33.Kf3 Kf5
34.Ke3 g5
35.fxg5 hxg5
36.h3 Ra4a1
37.d5 cxd5
38.cxd5 Ra1e1
39.Kd4 Re1e4
40.Kd3 Re4e5
41.Rc3xc7 Re5xd5
42.Ke3 Rd5d8
43.Rc7c5 Kg6
44.Kf3 Kh5
45.Kg3 Rd8d3
46.Kg2 Kh4
47.Rc5c4 Kh5
48.f3 Rd3d2
49.Kg3 Rd2d1
50.Rc4c5 Rd1d4
51.Rc5e5 { draw }
1/2-1/2

[Event "Match"]
[Site "www.echecsemail.com"]
[Date "2015.03.25"]
[Round "1"]
[White "Nozal"]
[Black "Karlgrocer"]
[WhiteElo "1870"]
[BlackElo "1940"]
[Result "0-1"]
[Round "1"]
1.e4 d6
2.h3 Ng8f6
3.Nb1c3 e6
4.d3 Bf8e7
5.d4 O-O
6.Bf1d3 a6
7.Ng1f3 Nf6d7
8.O-O c5
9.d5 e5
10.Nc3e2 b5
11.a3 c4
12.b4 cxd3
13.Qd1xd3 Nd7b6
14.Ne2c3 Bc8b7
15.Bc1e3 Nb6c4
16.h4 Be7xh4
17.g3 Bh4e7
18.Rf1e1 { time. }
0-1

[Event "Match"]
[Site "www.echecsemail.com"]
[Date "2015.03.25"]
[Round "1"]
[White "Luzhin"]
[Black "Gimmyg"]
[WhiteElo "2270"]
[BlackElo "2070"]
[Result "0-1"]
[Round "1"]
1.e4 Nb8c6
2.Ng1f3 f5
3.exf5 d5
4.Bf1b5 Bc8xf5
5.Nf3e5 Qd8d6
6.d4 Ng8f6
7.O-O Nf6d7
8.Bc1f4 Nc6xe5
9.Bf4xe5 Qd6b6
10.Bb5xd7 Kxd7
11.Qd1f3 e6
12.Nb1c3 Qb6c6
13.Rf1e1 Ra8d8
14.Re1e3 Bf8d6
15.Be5xg7 Rh8g8
16.Bg7e5 Rd8f8
17.Qf3d1 Kc8
18.Be5xd6 Qc6xd6
19.Qd1d2 h5
20.Nc3b5 Qd6b6
21.Re3b3 Kb8
22.Kh1 h4
23.Nb5c3 Qb6c6
24.Ra1c1 e5
25.f3 e4
26.fxe4 dxe4
27.d5 Qc6f6
28.Nc3e2 Bf5d7
29.Rc1g1 Qf6f2
30.Qd2e3 Bd7a4
31.Qe3xf2 Rf8xf2
32.Rb3e3 Ba4b5
33.Ne2c3 Bb5f1
34.g4 h3
35.Nc3xe4 Bf1g2
{ resign }
0-1

[Event "Match"]
[Site "www.echecsemail.com"]
[Date "2015.03.25"]
[Round "1"]
[White "Generalfree"]
[Black "Azulmarino"]
[WhiteElo "1790"]
[BlackElo "1570"]
[Result "1-0"]
[Round "1"]
1.d4 d5
2.Bc1f4 e6
3.c4 b6
4.Nb1c3 Ng8f6
5.e3 Bf8b4
6.Qd1c2 Nf6e4
7.Ng1e2 Bc8a6
8.Qc2a4 c6
9.Qa4xb4 dxc4
10.Nc3xe4 Nb8d7
11.Ne4d6 Kf8
12.Nd6xc4 Kg8
13.Ne2c3 b5
14.Nc4d6 f6
15.g4 g5
16.Bf4g3 Nd7b6
17.Bf1g2 h6
18.Bg2xc6 Ra8b8
19.Nd6xb5 Nb6c8
20.Bg3xb8 Rh8h7
21.Nb5d6 Ba6d3
22.Nd6xc8 Qd8xc8
23.Bc6e4 Bd3xe4
24.Nc3xe4 Rh7b7
25.Ne4d6 Rb7xb4
26.Nd6xc8 Rb4xb8
27.Nc8e7 Kf7
28.Ne7c6 Rb8xb2
29.Nc6xa7 { resign }
1-0

[Event "Match"]
[Site "www.echecsemail.com"]
[Date "2015.03.25"]
[Round "1"]
[White "Dominiquer"]
[Black "Fred"]
[WhiteElo "1890"]
[BlackElo "2000"]
[Result "1-0"]
[Round "1"]
1.e4 e5
2.Ng1f3 Nb8c6
3.Bf1c4 Bf8c5
4.b4 Bc5xb4
5.c3 Bb4c5
6.d4 exd4
7.cxd4 Bc5b6
8.O-O h6
9.Nb1c3 Ng8f6
10.e5 Nf6h7
11.Bc1a3 d6
12.exd6 cxd6
13.Bc4xf7 Kxf7
14.Qd1b3 Kf8
15.Rf1e1 Qd8f6
16.Nc3d5 Nc6xd4
17.Nf3xd4 Qf6xd4
18.Ba3xd6 Kf7
19.Nd5xb6 Kg6
20.Nb6xa8 Qd4xd6
21.Ra1d1 Qd6f4
22.Qb3g3 Qf4g5
23.h4 Qg5xg3
24.fxg3 Bc8g4
25.Rd1d6 Nh7f6
26.Na8c7 Rh8c8
27.Nc7d5 Rc8c2
28.Nd5e3 Rc2c6
29.Rd6xc6 { resign }
1-0

[Event "Match"]
[Site "www.echecsemail.com"]
[Date "2015.03.25"]
[Round "1"]
[White "Reanna"]
[Black "Generalfree"]
[WhiteElo "1700"]
[BlackElo "1900"]
[Result "0-1"]
[Round "1"]
1.c4 Ng8f6
2.Nb1c3 c6
3.g3 e5
4.Bf1g2 b6
5.Ng1h3 Bf8c5
6.O-O d6
7.Nc3d5 cxd5
8.cxd5 Bc8b7
9.e3 Bb7xd5
10.Bg2xd5 Nf6xd5
11.d4 exd4
12.exd4 Bc5b4
13.Qd1e2 Nd5e7
14.Qe2b5 Ne7c6
15.Bc1g5 f6
16.Bg5e3 a6
17.Qb5h5 g6
18.Qh5h6 b5
19.Qh6g7 Rh8f8
20.Qg7xh7 Nc6e7
21.Be3h6 Rf8f7
22.Qh7h8 Kd7
23.Qh8xd8 Kxd8
24.Nh3f4 Kd7
25.d5 Rf7h7
26.Nf4d3 Ne7xd5
27.Bh6e3 Nb8c6
28.Nd3xb4 Nc6xb4
29.a3 Nb4c2
30.Ra1c1 Nd5xe3
31.fxe3 Nc2xe3
32.Rf1xf6 g5
33.b4 Ne3c4
34.Kg2 Nc4xa3
35.Rc1d1 Na3c4
36.Kh1 Ke7
37.Rf6f3 Ra8h8
38.Rf3f2 Nc4e5
39.Rd1e1 Kd7
40.Re1a1 Ne5d3
41.Rf2g2 Nd3xb4
42.Ra1a3 Rh7e7
43.Kg1 Rh8f8
44.h4 gxh4
45.gxh4 Re7e1
46.Kh2 Rf8f1
47.h5 Rf1h1
48.Kg3 Rh1xh5
49.Kf2 Re1e7
50.Rg2g4 Rh5f5
51.Kg3 Kc6
52.Rg4g8 Rf5e5
53.Ra3c3 Kd5
54.Kf4 Kd4
55.Rc3c1 Nb4d3
{ resign }
0-1

[Event "Match"]
[Site "www.echecsemail.com"]
[Date "2015.03.25"]
[Round "1"]
[White "F14"]
[Black "Wagner"]
[WhiteElo "1599"]
[BlackElo "1620"]
[Result "1-0"]
[Round "1"]
1.e4 e5
2.Ng1f3 d6
3.Bf1e2 Ng8f6
4.Nb1c3 c6
5.O-O h6
6.d4 Nb8d7
7.Bc1e3 b5
8.d5 b4
9.dxc6 Nd7b8
10.Nc3a4 Nb8xc6
11.Be2b5 Bc8b7
12.Qd1d3 a6
13.Bb5c4 Nc6a5
14.Bc4d5 Qd8d7
15.b3 Na5c6
16.Na4b6 Qd7d8
17.Nb6xa8 Qd8xa8
18.a3 g5
19.Qd3c4 Nc6a5
20.Bd5xf7 Kd7
21.Qc4e6 Kc7
22.Qe6xf6 Bf8g7
23.Qf6xg7 Qa8f8
24.Qg7xf8 Rh8xf8
25.Bf7g6 Na5c6
26.axb4 Nc6xb4
27.c3 Nb4c2
28.Ra1a4 g4
29.Nf3h4 Rf8g8
30.Be3xh6 Rg8h8
31.Nh4f5 Bb7xe4
32.Bh6e3 g3
33.hxg3 Rh8f8
34.Nf5h4 Nc2xe3
35.fxe3 Rf8xf1
36.Kxf1 Be4d5
37.c4 Bd5b7
38.Bg6d3 e4
39.Bd3e2 Kb6
40.Nh4f5 Kc5
41.b4 Kc6
42.Nf5e7 Kd7
43.Ne7f5 d5
44.cxd5 Bb7xd5
45.Ra4xa6 Bd5e6
46.Ra6a7 Kc6
47.Ra7a6 Kd7
48.Be2b5 Kc7
49.Ra6xe6 Kb7
50.Re6xe4 Kc7
51.Re4d4 Kb6
52.Nf5d6 Kc7
53.g4 { resign }
1-0

[Event "Match"]
[Site "www.echecsemail.com"]
[Date "2015.03.25"]
[Round "1"]
[White "Castletyme"]
[Black "Nozal"]
[WhiteElo "1830"]
[BlackElo "1850"]
[Result "1-0"]
[Round "1"]
1.e4 e5
2.Ng1f3 Nb8c6
3.Bf1b5 Bf8d6
4.Bb5xc6 bxc6
5.d3 h6
6.Nb1c3 Bd6b4
7.Bc1d2 d6
8.O-O d5
9.exd5 cxd5
10.Nc3e2 Bb4d6
11.Ne2g3 Ng8f6
12.c3 O-O
13.Rf1e1 Bc8g4
14.Re1e3 e4
15.dxe4 Bd6c5
16.Re3d3 c6
17.Qd1a4 Qd8b6
{ time. }
1-0

[Event "Match"]
[Site "www.echecsemail.com"]
[Date "2015.03.25"]
[Round "1"]
[White "Hundegana"]
[Black "Hrob71"]
[WhiteElo "1900"]
[BlackElo "1499"]
[Result "0-1"]
[Round "1"]
1.e4 e5
2.Ng1f3 Nb8c6
3.c3 Ng8f6
4.d3 d5
5.Qd1e2 Bc8g4
6.h3 Bg4h5
7.g4 Nf6xg4
8.hxg4 Bh5xg4
9.Bf1h3 Bg4h5
10.Bh3g2 Bh5g4
11.Nb1d2 d4
12.Qe2f1 Qd8f6
13.Nf3g1 O-O-O
14.f3 Bg4e6
15.Qf1f2 Bf8c5
16.c4 Nc6b4
17.Ke2 c6
18.a3 Nb4c2
19.Ra1b1 Nc2e3
20.Nd2b3 Bc5b6
21.Bc1xe3 dxe3
22.Qf2g3 Bb6d4
23.Nb3xd4 exd4
24.Bg2h3 h6
25.Bh3xe6 fxe6
26.Ng1h3 e5
27.Rb1f1 Rh8f8
28.Rh1g1 g5
29.Qg3g4 Kb8
30.b4 Qf6e7
31.Qg4g3 Ka8
32.Qg3e1 Rf8g8
33.Rg1g2 Rd8f8
34.Rf1h1 h5
35.Nh3g1 g4
36.Rh1xh5 gxf3
37.Kd1 Rg8xg2
38.Ng1xf3 Rf8xf3
39.Rh5h8 Rf3f8
40.Rh8h3 Qe7g5
41.Rh3h1 a6
42.a4 Rf8f2
43.a5 Qg5g4
44.Kc1 Rf2c2
45.Kb1 Rc2b2
46.Ka1 Rb2a2
47.Kb1 Rg2b2
48.Kc1 Ra2a1
49.Kxb2 Ra1xe1
50.Rh1xe1 Qg4g2
51.Kb3 Qg2d2
52.Re1b1 Qd2xd3
53.Ka2 Qd3xc4
54.Ka1 d3
55.b5 Qc4a4
56.Kb2 Qa4xb5
57.Ka1 Qb5xa5
58.Kb2 Qa5b4
59.Kc1 Qb4d2
{ resign }
0-1